Cyclicality of Uncertainty and Disagreement

V empirickej literatúre sa často používa nezhoda (rozptyl v prognózach) ako náhrada za neistotu, avšak nezhoda a neistota sa počas hospodárskeho cyklu správajú odlišne. Rozdiel je obzvlášť výrazný v nekrízových obdobiach, v ktorých miery nesúhlasu pozitívne korelujú s rastom, zatiaľ čo miery neistot...

Ausführliche Beschreibung

Gespeichert in:
Bibliographische Detailangaben
1. Verfasser: Zohar, Osnat
Format: Buchkapitel
Sprache:Englisch
Schlagworte:
Tags: Tag hinzufügen
Keine Tags, Fügen Sie das erste Tag hinzu!

MARC

LEADER 00000naa a2200000 4500
001 0300424
005 20240522091632.6
041 0 |a eng 
044 |a NL 
245 1 0 |a Cyclicality of Uncertainty and Disagreement  |c Osnat Zohar 
520 |a V empirickej literatúre sa často používa nezhoda (rozptyl v prognózach) ako náhrada za neistotu, avšak nezhoda a neistota sa počas hospodárskeho cyklu správajú odlišne. Rozdiel je obzvlášť výrazný v nekrízových obdobiach, v ktorých miery nesúhlasu pozitívne korelujú s rastom, zatiaľ čo miery neistoty s ním negatívne korelujú. Toto zistenie vysvetľujem pomocou hlučného informačného modelu s endogénnym učením. V modeli agenti sledujú hlučné súkromné ​​informácie, ale iba vtedy, keď sú aktívni. Ak je neistota pevná, nárast aktivity prináša na trh hlučné informácie a názory agentov sa rozchádzajú, t. j. narastá nesúhlas. 
610 2 0 |a hospodárstvo 
610 2 0 |a cykly hospodárske 
610 2 0 |a kríza 
610 2 0 |a ekonomika 
610 2 0 |a rast hospodársky 
100 1 |a Zohar, Osnat